| 000 | 00547nam a2200193Ia 4500 | ||
|---|---|---|---|
| 003 | OSt | ||
| 005 | 20260128100813.0 | ||
| 008 | 250729s2005 xx 000 0 und d | ||
| 040 | _cAL | ||
| 041 | _akan | ||
| 082 | _a370.15 MANA | ||
| 100 |
_aಮಂಜಯ್ಯ ಎಂ ಎ _9228000 |
||
| 245 | _aಆಧುನಿಕ ಶಿಕ್ಷಣದಲ್ಲಿ ಮಣೊವಿಜ್ನಾನ | ||
| 260 |
_aಬೆಂಗಳೂರು _c2005 |
||
| 300 | _a416p | ||
| 650 |
_aPsychology _9228001 |
||
| 700 |
_aಮಂo Digumurthi _9228002 |
||
| 942 |
_2ddc _cBED |
||
| 999 |
_c237847 _d237847 |
||